000 00392nam a22001457a 4500
020 _a0720115809
082 _a388
_bTRA
_cL-18; P-62.
100 _aBanister, David,
_9907
245 _aTransport and public policy planning/
260 _aLondon:
_bMansell,
_cc1981
300 _a466 p.;
_bill.:
_c19 cm.
526 _a0
_b0
_c0
_d388_000000000000000_TRA
650 _aMCE
_9379
942 _2ddc
_cBK
999 _c543043
_d543043